Australian shoe brands - Statistics

General Stats
  • This quiz has been taken 94 times
  • The average score is 4 of 8
Answer Stats
Hint Answer % Correct
n nike
96%
a adidas
88%
p puma
68%
a asics
62%
n new balance
54%
r reebok
46%
d diadora
9%
x x-blade
5%
No matching quizzes found
Score Distribution
Percent of People with Each Score
Percentile by Number Answered
Your Score History
You have not taken this quiz